[Event "Arvier Grand Paradis op-B 4th"]
[Site "Arvier"]
[Date "2017.07.31"]
[Round "2"]
[White "Gola, Giorgio"]
[Black "Poletti, Fausto"]
[Result "0-1"]
[WhiteElo "1650"]
[BlackElo "1836"]
[PlyCount "62"]
[EventDate "2017.07.30"]
[EventType "swiss"]
[EventRounds "7"]
[EventCountry "ITA"]
[SourceTitle "EXT 2023"]
[Source "ChessBase"]
[SourceDate "2022.10.05"]
[SourceVersion "1"]
[SourceVersionDate "2022.10.05"]
[SourceQuality "1"]

1. e4 c5 2. Nf3 Nc6 3. d4 cxd4 4. Nxd4 Nf6 5. Nc3 e5 6. Ndb5 d6 7. Bg5 a6 8. Na3 b5 9. Nd5 Be7 10. Bxf6 Bxf6 11. c3 0-0 12. Nc2 Bg5 13. a4 bxa4 14. Rxa4 a5 15. Bc4 Rb8 16. b3 Kh8 17. 0-0 g6 18. Kh1 f5 19. f3 Be6 20. Na3 f4 21. Nb5 Rb7 22. Na3 Bh4 23. Bb5 Na7 24. Ba6 Rg7 25. Nc4 Bg3 26. Ra2 Qh4 27. h3 g5 28. Nxd6 g4 29. fxg4 Bxg4 30. Rf3 Bxh3 31. Rxg3 Bxg2+ 0-1

[Event "Brescia Province-ch"]
[Site "Ghedi"]
[Date "2015.01.25"]
[Round "3"]
[White "Agnelli, Francesco"]
[Black "Poletti, Fausto"]
[Result "1-0"]
[WhiteElo "2020"]
[BlackElo "1928"]
[PlyCount "90"]
[EventDate "2015.01.24"]
[EventType "swiss"]
[EventRounds "6"]
[EventCountry "ITA"]
[SourceTitle "EXT 2017"]
[Source "ChessBase"]
[SourceDate "2016.10.25"]
[SourceVersion "1"]
[SourceVersionDate "2016.10.25"]
[SourceQuality "1"]

1. e4 c5 2. Nf3 Nc6 3. d4 cxd4 4. Nxd4 Nf6 5. Nc3 e5 6. Ndb5 d6 7. Bg5 a6 8. Na3 b5 9. Nd5 Be7 10. Bxf6 Bxf6 11. c3 0-0 12. Nc2 Bg5 13. a4 bxa4 14. Rxa4 a5 15. Bc4 Rb8 16. b3 Kh8 17. h4 Bh6 18. g4 Bf4 19. Nce3 Bxe3 20. Nxe3 Ne7 21. h5 Be6 22. 0-0 Qb6 23. Qa1 Bxc4 24. bxc4 Qb7 25. f3 Qb6 26. Re1 Ra8 27. Kf2 Rfb8 28. Re2 h6 29. Rea2 Nc6 30. Ke2 Qc5 31. Qd1 Ne7 32. Rd2 Ra6 33. Rda2 Nc6 34. Qd5 Qa7 35. Qd1 Qc5 36. Rd2 Ne7 37. Qg1 Rb3 38. g5 Rxc3 39. gxh6 gxh6 40. Raa2 Rb6 41. Rab2 Rcb3 42. Ra2 Rb8 43. Qf2 Rg8 44. Rac2 a4 45. Ng4 Qxc4+ 1-0

[Event "Brescia Province-ch"]
[Site "Ghedi"]
[Date "2015.01.24"]
[Round "1"]
[White "Testa, Italo"]
[Black "Poletti, Fausto"]
[Result "0-1"]
[WhiteElo "1491"]
[BlackElo "1928"]
[PlyCount "60"]
[EventDate "2015.01.24"]
[EventType "swiss"]
[EventRounds "6"]
[EventCountry "ITA"]
[SourceTitle "EXT 2017"]
[Source "ChessBase"]
[SourceDate "2016.10.25"]
[SourceVersion "1"]
[SourceVersionDate "2016.10.25"]
[SourceQuality "1"]

1. e4 c5 2. Nc3 Nc6 3. Nf3 g6 4. Bc4 Bg7 5. a3 a6 6. d3 e6 7. Bd2 Nge7 8. Qc1 0-0 9. Bh6 f5 10. Bxg7 Kxg7 11. h4 h6 12. Qe3 b6 13. g3 Bb7 14. 0-0-0 d5 15. h5 d4 16. Qd2 dxc3 17. Qxc3+ Nd4 18. hxg6 Nxg6 19. Bxe6 fxe4 20. dxe4 Rxf3 21. Qe1 Qg5+ 22. Kb1 Re8 23. Ba2 Bxe4 24. Qf1 Bxc2+ 25. Ka1 Bxd1 26. Qxd1 Rxf2 27. Qa4 Qd2 28. Qd7+ Re7 29. Qxd4+ Qxd4 30. Rb1 Re1 0-1

[Event "Arco Pasqua op 1st"]
[Site "Arco"]
[Date "2014.04.09"]
[Round "4"]
[White "Poletti, Fausto"]
[Black "Dappiano, Andrea"]
[Result "0-1"]
[WhiteElo "1896"]
[BlackElo "2172"]
[PlyCount "112"]
[EventDate "2014.04.06"]
[EventType "swiss"]
[EventRounds "7"]
[EventCountry "ITA"]
[SourceTitle "CBM 160 Extra"]
[Source "ChessBase"]
[SourceDate "2014.07.01"]
[SourceVersion "1"]
[SourceVersionDate "2014.07.01"]
[SourceQuality "1"]

1. c4 e5 2. g3 d6 3. Bg2 f5 4. d3 Nf6 5. Nc3 g6 6. e4 Bg7 7. Nge2 0-0 8. 0-0 Nc6 9. Nd5 Be6 10. Nec3 Nd4 11. Rb1 c6 12. Nxf6+ Qxf6 13. f4 Qe7 14. Be3 Rad8 15. Qd2 fxe4 16. Nxe4 d5 17. cxd5 Bxd5 18. Bxd4 exd4 19. b3 Rde8 20. Rfe1 b6 21. Re2 Qd7 22. Rbe1 Kh8 23. Ng5 Bg8 24. Bh3 Rxe2 25. Rxe2 Qd6 26. Qe1 h6 27. Ne6 Re8 28. Nxg7 Rxe2 29. Qxe2 Kxg7 30. Kf2 Bf7 31. Bg2 c5 32. h4 Qe6 33. Qxe6 Bxe6 34. Ke2 Kf6 35. Kd2 a5 36. Kc2 b5 37. Bf1 g5 38. fxg5+ hxg5 39. Be2 gxh4 40. gxh4 Kf5 41. Kd2 Kf4 42. Bd1 b4 43. Be2 Bf7 44. Bd1 Be8 45. Be2 a4 46. Bd1 a3 47. Be2 Bd7 48. Bd1 Be6 49. h5 Bf7 50. h6 Bg6 51. Bh5 Bh7 52. Bf7 Kg5 53. Bc4 Kxh6 54. Ke2 Kg5 55. Kf3 Bg6 56. Kg3 Bh5 0-1

[Event "Brescia Province-ch"]
[Site "Sarezzo"]
[Date "2014.02.01"]
[Round "4"]
[White "Dieli, Riccardo"]
[Black "Poletti, Fausto"]
[Result "1/2-1/2"]
[WhiteElo "1853"]
[BlackElo "1880"]
[PlyCount "47"]
[EventDate "2014.01.25"]
[EventType "swiss"]
[EventRounds "6"]
[EventCountry "ITA"]
[SourceTitle "EXT 2015"]
[Source "ChessBase"]
[SourceDate "2014.11.20"]
[SourceVersion "1"]
[SourceVersionDate "2014.11.20"]
[SourceQuality "1"]

1. d4 Nf6 2. Nf3 e6 3. c4 b6 4. g3 Bb7 5. Bg2 c5 6. dxc5 Bxc5 7. 0-0 0-0 8. a3 Qc8 9. b4 Be7 10. Nbd2 d5 11. cxd5 Bxd5 12. Bb2 Qb7 13. Rc1 Nbd7 14. Nc4 Rac8 15. Ne3 Be4 16. Qd2 Rfd8 17. Rxc8 Rxc8 18. Rd1 h6 19. Nh4 Bxg2 20. Nhxg2 Rd8 21. Qc3 Rc8 22. Qd4 Rd8 23. Qc3 Rc8 24. Qd4 1/2-1/2

[Event "Brescia Province-ch"]
[Site "Sarezzo"]
[Date "2014.01.26"]
[Round "3"]
[White "Poletti, Fausto"]
[Black "Agnelli, Francesco"]
[Result "1/2-1/2"]
[WhiteElo "1880"]
[BlackElo "2040"]
[PlyCount "42"]
[EventDate "2014.01.25"]
[EventType "swiss"]
[EventRounds "6"]
[EventCountry "ITA"]
[SourceTitle "EXT 2015"]
[Source "ChessBase"]
[SourceDate "2014.11.20"]
[SourceVersion "1"]
[SourceVersionDate "2014.11.20"]
[SourceQuality "1"]

1. e4 d6 2. c4 g6 3. g3 Bg7 4. Bg2 Nc6 5. Nc3 e5 6. Nge2 Nh6 7. 0-0 0-0 8. d3 f5 9. f4 Kh8 10. Rb1 a5 11. Nd5 Nd4 12. Nec3 c6 13. Ne3 exf4 14. gxf4 Bd7 15. Ne2 Qh4 16. Nxd4 Bxd4 17. Kh1 Rae8 18. Bd2 fxe4 19. dxe4 Bc5 20. Qf3 Qd8 21. Qg3 Qb6 1/2-1/2

[Event "Feffernitz Raika op 22nd"]
[Site "Feffernitz"]
[Date "2013.08.20"]
[Round "4"]
[White "Jandke, Manfred"]
[Black "Poletti, Fausto"]
[Result "1-0"]
[WhiteElo "2095"]
[BlackElo "1899"]
[PlyCount "67"]
[EventDate "2013.08.18"]
[EventType "swiss"]
[EventRounds "9"]
[EventCountry "AUT"]
[SourceTitle "CBM 156 Extra"]
[Source "ChessBase"]
[SourceDate "2013.10.22"]
[SourceVersion "1"]
[SourceVersionDate "2013.10.22"]
[SourceQuality "1"]

1. Nf3 Nf6 2. g3 g6 3. Bg2 Bg7 4. 0-0 0-0 5. d4 d6 6. c4 Nc6 7. Nc3 e5 8. d5 Na5 9. Nd2 b6 10. b4 Nb7 11. Bb2 a5 12. a3 Bd7 13. Nb3 axb4 14. axb4 Rxa1 15. Qxa1 Qa8 16. Nb5 Bxb5 17. cxb5 Rb8 18. Qa6 Nd8 19. Ra1 Qb7 20. e4 Kf8 21. f4 Ne8 22. Bh3 Ke7 23. Nc1 exf4 24. Bxg7 Nxg7 25. gxf4 f5 26. Qxb7 Rxb7 27. Ne2 Nf7 28. Nd4 Kf6 29. Ra8 Nh5 30. exf5 Nxf4 31. Bg4 g5 32. Nc6 h5 33. Bd1 Nd3 34. Bxh5 1-0

[Event "Provence-ch 1213"]
[Site "Provence"]
[Date "2013.07.10"]
[Round "7"]
[White "Poletti, Fausto"]
[Black "Charvein, Gabriel"]
[Result "1-0"]
[WhiteElo "1920"]
[BlackElo "1870"]
[PlyCount "71"]
[EventDate "2013.07.06"]
[EventType "swiss"]
[EventRounds "9"]
[EventCountry "FRA"]
[SourceTitle "EXT 2015"]
[Source "ChessBase"]
[SourceDate "2014.11.20"]
[SourceVersion "1"]
[SourceVersionDate "2014.11.20"]
[SourceQuality "1"]

1. c4 Nf6 2. Nc3 g6 3. g3 Bg7 4. Bg2 0-0 5. e4 d6 6. Nge2 e5 7. 0-0 Be6 8. d3 Qd7 9. Nd5 Bh3 10. Bh6 Nxd5 11. Bxg7 Bxg2 12. Kxg2 Kxg7 13. cxd5 f5 14. f4 c6 15. Nc3 Na6 16. Qe2 Rae8 17. fxe5 Rxe5 18. Qf2 Nc5 19. Qd4 Kg8 20. b4 Na6 21. Qc4 cxd5 22. Nxd5 Kg7 23. Rac1 Rf7 24. Rc2 Qa4 25. Rcf2 Qd7 26. Qd4 Nb8 27. Ne3 Nc6 28. Qc3 Ne7 29. Nc4 Kg8 30. Nxe5 dxe5 31. Qb3 Kf8 32. b5 f4 33. a4 Nc8 34. Qb4+ Kg8 35. Qc5 Qxd3 36. Qxc8+ 1-0

[Event "Provence-ch 1213"]
[Site "Provence"]
[Date "2013.07.06"]
[Round "1"]
[White "Poletti, Fausto"]
[Black "Eisenberg, Philippe"]
[Result "0-1"]
[WhiteElo "1920"]
[BlackElo "1610"]
[PlyCount "84"]
[EventDate "2013.07.06"]
[EventType "swiss"]
[EventRounds "9"]
[EventCountry "FRA"]
[SourceTitle "EXT 2015"]
[Source "ChessBase"]
[SourceDate "2014.11.20"]
[SourceVersion "1"]
[SourceVersionDate "2014.11.20"]
[SourceQuality "1"]

1. c4 e6 2. g3 d5 3. Bg2 c6 4. Nf3 Bd6 5. cxd5 exd5 6. d4 Bg4 7. Nc3 Nf6 8. 0-0 Nbd7 9. Qc2 Qe7 10. Re1 Ne4 11. Nxe4 dxe4 12. Ng5 f5 13. Bd2 Nb6 14. Qb3 Nd5 15. Nh3 Bxh3 16. Bxh3 0-0 17. Bg2 Kh8 18. f4 Rae8 19. e3 Rf7 20. Bf1 g5 21. Bc4 gxf4 22. Bxd5 cxd5 23. exf4 Rd8 24. Be3 Rg7 25. Kf2 Qf7 26. Qd1 Rg4 27. Rh1 Rdg8 28. Rc1 Qg7 29. Ke2 Qd7 30. Kd2 Qb5 31. Kc2 Rc8+ 32. Kb1 Rxc1+ 33. Qxc1 Qd3+ 34. Ka1 Rg7 35. Rd1 Qe2 36. Qd2 Qxd2 37. Rxd2 Rc7 38. Kb1 Kg7 39. Rc2 Kg6 40. Rxc7 Bxc7 41. Kc2 h5 42. Bg1 h4 0-1

[Event "Brescia Province-ch"]
[Site "Ghedi"]
[Date "2013.02.03"]
[Round "5"]
[White "Barucco, Mattia"]
[Black "Poletti, Fausto"]
[Result "1-0"]
[WhiteElo "2000"]
[BlackElo "1900"]
[PlyCount "45"]
[EventDate "2013.01.26"]
[EventType "swiss"]
[EventRounds "6"]
[EventCountry "ITA"]
[SourceTitle "EXT 2014"]
[Source "ChessBase"]
[SourceDate "2013.11.20"]
[SourceVersion "1"]
[SourceVersionDate "2013.11.20"]
[SourceQuality "1"]

1. e4 c5 2. Nc3 Nc6 3. g3 g6 4. Bg2 Bg7 5. d3 e6 6. f4 d6 7. Nf3 Nge7 8. 0-0 0-0 9. Be3 Nd4 10. e5 Nec6 11. Ne4 dxe5 12. Nxe5 Nxe5 13. fxe5 Bxe5 14. c3 Nf5 15. Bxc5 Nd6 16. d4 Nxe4 17. Bxf8 Bd6 18. Bh6 Nf6 19. Qf3 Be7 20. Bg5 Kg7 21. Rf2 h6 22. Bxf6+ Bxf6 23. Raf1 1-0

[Event "Feffernitz Raika op 21st"]
[Site "Feffernitz"]
[Date "2012.08.21"]
[Round "4"]
[White "Poletti, Fausto"]
[Black "Mitter, Gerd"]
[Result "0-1"]
[WhiteElo "1950"]
[BlackElo "2217"]
[PlyCount "56"]
[EventDate "2012.08.19"]
[EventType "swiss"]
[EventRounds "9"]
[EventCountry "AUT"]
[SourceTitle "CBM 150 Extra"]
[Source "ChessBase"]
[SourceDate "2012.10.19"]
[SourceVersion "1"]
[SourceVersionDate "2012.10.19"]
[SourceQuality "1"]

1. c4 Nf6 2. g3 g6 3. Bg2 c5 4. Nc3 Bg7 5. Nf3 0-0 6. 0-0 d5 7. cxd5 Nxd5 8. d4 cxd4 9. Nxd4 Nxc3 10. bxc3 Qa5 11. Qb3 Nc6 12. Nxc6 bxc6 13. Ba3 Be6 14. Qb4 Qa6 15. Qxe7 Rfe8 16. Qh4 Qxa3 17. Bxc6 Bxc3 18. Rac1 Bb2 19. Rce1 Qxa2 20. Bxe8 Rxe8 21. Rb1 Rc8 22. Rfd1 Kg7 23. Qf4 Bf6 24. e4 g5 25. Qf3 Rc3 26. Qh5 h6 27. Re1 Bd4 28. Qe2 Rc2 0-1

[Event "Condino op 11th"]
[Site "Condino"]
[Date "2011.07.29"]
[Round "7"]
[White "Poletti, Fausto"]
[Black "Gardi, Giuseppe"]
[Result "0-1"]
[WhiteElo "1940"]
[BlackElo "2026"]
[PlyCount "72"]
[EventDate "2011.07.25"]
[EventType "swiss"]
[EventRounds "7"]
[EventCountry "ITA"]
[SourceTitle "EXT 2012"]
[Source "ChessBase"]
[SourceDate "2011.11.24"]
[SourceVersion "1"]
[SourceVersionDate "2011.11.24"]
[SourceQuality "1"]

1. c4 g6 2. Nc3 Bg7 3. g3 e5 4. Bg2 Nc6 5. d3 d6 6. e4 Nge7 7. Nge2 Be6 8. Be3 Qd7 9. Qd2 Bh3 10. Bxh3 Qxh3 11. 0-0-0 0-0 12. Kb1 Nd4 13. Bxd4 exd4 14. Nb5 c5 15. Nxd6 Qd7 16. Nb5 a6 17. Na3 b5 18. Ka1 Rfb8 19. f4 Nc6 20. h3 Nb4 21. Nc1 Qc7 22. g4 Qa5 23. Nb3 Qb6 24. Nc1 Qc6 25. h4 Nxa2 26. Kxa2 b4 27. b3 bxa3 28. Qa5 Bf6 29. Qxa3 Rb4 30. Kb2 Rab8 31. Na2 Ra4 32. g5 Rxa3 33. Kxa3 Qb7 34. Rb1 Bd8 35. Rhf1 a5 36. Rfe1 a4 0-1

[Event "Condino op 11th"]
[Site "Condino"]
[Date "2011.07.26"]
[Round "4"]
[White "Poletti, Fausto"]
[Black "Girelli, Sergio"]
[Result "1-0"]
[WhiteElo "1940"]
[BlackElo "1792"]
[PlyCount "31"]
[EventDate "2011.07.25"]
[EventType "swiss"]
[EventRounds "7"]
[EventCountry "ITA"]
[SourceTitle "EXT 2012"]
[Source "ChessBase"]
[SourceDate "2011.11.24"]
[SourceVersion "1"]
[SourceVersionDate "2011.11.24"]
[SourceQuality "1"]

1. c4 Nf6 2. g3 d6 3. Bg2 g6 4. Nc3 Bg7 5. e4 0-0 6. Nge2 e5 7. 0-0 Nbd7 8. d3 a5 9. h3 Nc5 10. Be3 Bd7 11. Kh2 h5 12. Qd2 Kh7 13. Rad1 c6 14. f4 Ng8 15. fxe5 Bxe5 16. d4 1-0

[Event "Salou op 13th"]
[Site "Salou"]
[Date "2011.05.04"]
[Round "1"]
[White "Poletti, Fausto"]
[Black "Moskalenko, Viktor"]
[Result "0-1"]
[WhiteElo "1966"]
[BlackElo "2564"]
[PlyCount "78"]
[EventDate "2011.05.04"]
[EventType "swiss"]
[EventRounds "9"]
[EventCountry "ESP"]
[SourceTitle "CBM 142 Extra"]
[Source "ChessBase"]
[SourceDate "2011.06.27"]
[SourceVersion "1"]
[SourceVersionDate "2011.06.27"]
[SourceQuality "1"]

1. c4 f5 2. g3 Nf6 3. Bg2 e5 4. d3 Nc6 5. Nc3 d6 6. e4 fxe4 7. dxe4 Bg4 8. Nge2 Qd7 9. 0-0 Be7 10. Be3 h5 11. Qd2 h4 12. f3 Be6 13. Nd5 hxg3 14. hxg3 Bh3 15. Nxf6+ Bxf6 16. g4 0-0-0 17. Bxh3 Rxh3 18. Kg2 Rdh8 19. Rh1 Rxh1 20. Rxh1 Rxh1 21. Kxh1 Nd8 22. Kg2 Ne6 23. b3 a6 24. Nc3 Qd8 25. Nd5 Bg5 26. Bxg5 Nxg5 27. Qe3 c6 28. Nc3 Ne6 29. Ne2 Qa5 30. a4 Qe1 31. Qf2 Qd2 32. Ng1 Qd1 33. Qa2 Nf4+ 34. Kf2 Qd4+ 35. Kf1 a5 36. Qc2 Qe3 37. Qd1 Kc7 38. Qc2 Nd3 39. Qe2 Qc1+ 0-1

[Event "Feffernitz Raika op 19th"]
[Site "Feffernitz"]
[Date "2010.08.29"]
[Round "9"]
[White "Poletti, Fausto"]
[Black "Andre, Jonas"]
[Result "1/2-1/2"]
[WhiteElo "1901"]
[BlackElo "1589"]
[PlyCount "77"]
[EventDate "2010.08.22"]
[EventType "swiss"]
[EventRounds "9"]
[EventCountry "AUT"]
[SourceTitle "CBM 138 Extra"]
[Source "ChessBase"]
[SourceDate "2010.10.29"]
[SourceVersion "1"]
[SourceVersionDate "2010.10.29"]
[SourceQuality "1"]

1. c4 c5 2. Nf3 Nc6 3. Nc3 Nf6 4. d4 cxd4 5. Nxd4 g6 6. e4 Bg7 7. Be3 0-0 8. Be2 a6 9. 0-0 Qc7 10. Rc1 d6 11. f3 Rd8 12. Qd2 Nxd4 13. Bxd4 Be6 14. Nd5 Bxd5 15. cxd5 Qd7 16. Rc4 Rac8 17. Rfc1 Rxc4 18. Rxc4 Rc8 19. Qc3 Rxc4 20. Qxc4 Qd8 21. b4 Nd7 22. Be3 Ne5 23. Qc2 a5 24. b5 b6 25. f4 Nd7 26. Qc6 Nc5 27. Bf3 f6 28. g3 h5 29. Kf1 Kh7 30. Ke2 Kg8 31. Bg2 Kh7 32. Kf3 Qd7 33. Qxb6 Qg4+ 34. Kf2 Nd3+ 35. Kg1 h4 36. Bf2 f5 37. Qe3 Qd1+ 38. Bf1 Nxf2 39. Kxf2 1/2-1/2

[Event "Feffernitz Raika op 19th"]
[Site "Feffernitz"]
[Date "2010.08.28"]
[Round "8"]
[White "Hafner, Robert"]
[Black "Poletti, Fausto"]
[Result "1/2-1/2"]
[WhiteElo "2115"]
[BlackElo "1901"]
[PlyCount "102"]
[EventDate "2010.08.22"]
[EventType "swiss"]
[EventRounds "9"]
[EventCountry "AUT"]
[SourceTitle "CBM 138 Extra"]
[Source "ChessBase"]
[SourceDate "2010.10.29"]
[SourceVersion "1"]
[SourceVersionDate "2010.10.29"]
[SourceQuality "1"]

1. d4 Nf6 2. c4 g6 3. Nc3 Bg7 4. e4 d6 5. Nf3 0-0 6. Be2 Na6 7. 0-0 e5 8. Be3 Ng4 9. Bg5 f6 10. Bc1 h5 11. h3 Nh6 12. Be3 Nf7 13. a3 c6 14. b4 Nc7 15. Re1 f5 16. dxe5 dxe5 17. Qxd8 Rxd8 18. Rad1 Rxd1 19. Rxd1 f4 20. Bc1 Bf6 21. Bb2 Be6 22. Na4 b6 23. Bc3 Kf8 24. Nb2 Re8 25. Kf1 Re7 26. Ke1 Ne8 27. c5 b5 28. a4 a6 29. axb5 axb5 30. Ra1 Bd7 31. Nd3 Kg7 32. Ra7 Kf8 33. Bd1 g5 34. Nh2 Ng7 35. f3 Ne6 36. Nf1 Be8 37. Ra8 Rd7 38. Ke2 Ned8 39. Bb3 Ke7 40. Nd2 Rc7 41. Ba2 Bd7 42. Bb3 Be8 43. Bc2 Bd7 44. Nb3 Be8 45. Na5 Bd7 46. Bb3 Be8 47. Ra6 Bd7 48. Ra8 Be8 49. Kd2 Bd7 50. Kc2 Be8 51. Kb2 Bd7 1/2-1/2